000 00833nam a2200265Ia 4500
999 _c54305
_d54305
001 21361
003 GE_BSU
005 20211029170248.0
008 181216s2008||||enk|||||||||||||| ||eng||
020 _a9781859649749
040 _cGE_BSU
080 _a621+811.111 M-85
100 _aMorgan, David
_912764
245 _aTake-Off Technical English for Engineering :
_bCourse book /
_cDavid Morgan, Nikolas Regan.
264 _aUK :
_bGarnet Publishing,
_c2008.
300 _a321 p. :
_b ill. ;
_c28 cm.
_e+3cd.
541 _h131 Gel.
653 _aCourse book
653 _aTake-Off
653 _aTechnical English for Engineering
653 _aИнженерные технологии
653 _aსაიჟინრო ტექნოლოგიები
700 _aRegan, Nikolas
_eby
_912765
942 _cBK
_2udc